000
00328nam a22001457a 4500
008
210511b ||||| |||| 00| 0 eng d
020
_a
9780486211633
041
_a
eng
080
_a
611
082
_a
611
100
_a
7
101
_a
ANA
245
_a
A Handbook of Anatomy for art students
_c
Thomson,A
942
_2
udc
_c
BK
999
_c
57257
_d
57257